000 02235nam0a2200385 i 4500
001 RU\NLR\BIBL_A\011595527
005 20260510063346.0
010 _a9785906942203
_947
021 _aRU
_b2017-95798
_96883
035 _a(RuMoRGB)009484517
035 _a(NLR Aleph) 011595527
090 _a10859354
_c10859354
100 _a20180116d2017 km y0rusy50 ca
101 0 _arus
102 _aRU
105 _aa|||z|||000zy
200 1 _aИнновационное развитие системы тылового обеспечения органов внутренних дел Российской Федерации
_eмонография
_f[Гапоненко В. Ф., Новиков В. В., Емельянов А. С., Мартынов Е. А.]
_gАкадемия управления МВД России
_gпод редакцией доктора экономических наук, профессора В. Ф. Гапоненко
210 _aМосква
_cАкад. упр. МВД России
_d2017
215 _a159, [1] с.
_cил., табл.
_d21
300 _aАвт. указаны на обороте тит. л.
320 _aБиблиогр.: с. 99-107 и в подстроч. примеч.
606 1 _aОрганы внутренних дел
_xТыловое обеспечение
_yРоссийская Федерация
_92251263
_3RU\NLR\AUTH\6601580921
686 _aХ621.163.01,0
_2rubbk
686 _aЦ7,6(2Р)4
_2rubbk
686 1 _aХ621.163.01
701 1 _aГапоненко
_bВ. Ф.
_gВладимир Федосович
701 1 _7ca
_8rus
_aНовиков
_bВ. В.
_cканд. экон. наук
_gВладимир Викторович
_974220
_3RU\NLR\AUTH\7791293
701 1 _aЕмельянов
_bА. С.
_cканд. экон. наук
_gАлександр Сергеевич
_9184217
_3RU\NLR\AUTH\770184268
701 1 _7ba
_8rus
_aМартынов
_bЕ. А.
_cканд. социол. наук
_f1962-
_gЕвгений Александрович
_9145688
_3RU\NLR\AUTH\770145724
712 0 2 _4475
_aАкадемия управления МВД России
_9477830
_3RU\NLR\AUTH\889990998
942 _cBOOK
980 _aNBR